Представление документа в формате RUSMARC

ПолеНазваниеЗначение
  Тип записи a
  Библиографический уровень a
001 Контрольный номер fb50fbdd6df544dd8dc616b80e6cd214
005 Дата корректировки 20140506180912.8
200 Заглавие и сведения об ответственности __
a Заглавие Стиль жизни молодых грждан:трансформация и региональная дифференциация
461 Уровень набора _0
1 2001
a Социс
463 Уровень физической единицы _0
1 200
v С.88-94
1 210
d 2002. - №10
610 Ключевые слова __
a Ключевые слова стиль жизни;молодежь;гражданин;система ценностей
686 Индексы других классификаций __
a Классификационный индекс 60.54
700 Автор __
a Фамилия Осадчая
b Имя Г.И.
901 Тип документа __
t Тип документа b
938 Служебная информация __
a Название организации Волгоградский филиал
b Имя БД Статьи ВКИ
c Название АИБС АИБС МАРК-SQL